Vliv evropského práva na aplikaci práva ČR po vstupu do EU
Špecifické znaky právneho poriadku Európskeho spoločenstva. Odlišnosti komunitárneho práva od práva medzinárodného a vnútroštátneho. Pripravenosť českého právneho poriadku na aplikáciu práva Európskeho spoločenstva.
Saved in:
| Main Author: | |
|---|---|
| Format: | Book Chapter |
| Language: | Czech |
| Subjects: | |
| Tags: |
No Tags, Be the first to tag this record!
|
MARC
| LEADER | 00000naa a2200000 4500 | ||
|---|---|---|---|
| 001 | r042197 | ||
| 005 | 20230927121108.7 | ||
| 041 | 0 | |a cze | |
| 044 | |a CZ | ||
| 245 | 1 | 0 | |a Vliv evropského práva na aplikaci práva ČR po vstupu do EU |c Natália Vlasáková |
| 520 | |a Špecifické znaky právneho poriadku Európskeho spoločenstva. Odlišnosti komunitárneho práva od práva medzinárodného a vnútroštátneho. Pripravenosť českého právneho poriadku na aplikáciu práva Európskeho spoločenstva. | ||
| 610 | 2 | 0 | |a právo medzinárodné |
| 610 | 2 | 0 | |a právo procesné medzinárodné |
| 610 | 2 | 0 | |a Európska únia |
| 610 | 2 | 0 | |a Európske spoločenstvá |
| 610 | 2 | 0 | |a Česko |
| 610 | 2 | 0 | |a poriadok právny |
| 610 | 2 | 0 | |a aproximácia práva |
| 100 | 1 | |a Vlasáková, Natália | |